Finish the Famous Movie Quote Quiz Stats

 Plays Quiz Updated Sep 4, 2018

Challenge
Share
Tweet
Embed
Score 0/28 Timer 06:00
2 Plays Today
% Correct
beyond
97.8%
all
97.7%
die
97.6%
having
97.4%
world
97.3%
boat
97.3%
again
97.2%
beast
96.7%
lives
96.6%
curtain
96.4%
together
96.2%
fly
96.2%
pass
95.1%
free
94.8%
% Correct
wardrobe
94.7%
destiny
94.6%
live
94.5%
mine
94.3%
Paris
94.3%
room
94.3%
myself
93.2%
driver
92.9%
contender
92.6%
cannoli
91.1%
you
90.1%
dynasty
89.6%
happen
86.2%
swallow
81.7%

You're not logged in!

Compare scores with friends on all Sporcle quizzes.
Join for Free
OR
Log In

You Might Also Like...

Show Comments

Extras

Top Quizzes Today


Score Distribution

Your Account Isn't Verified!

In order to create a playlist on Sporcle, you need to verify the email address you used during registration. Go to your Sporcle Settings to finish the process.

Report this User

Report this user for behavior that violates our Community Guidelines.

Details: